| 000 | 01068nam a2200313Ia 4500 | ||
|---|---|---|---|
| 000 | nam a22 i 4500 | ||
| 001 | UNACH-6054 | ||
| 007 | ta | ||
| 008 | 221212s ||||fr|||| 00| | spa d | ||
| 020 | _a978-6077-7686-12-5 | ||
| 041 | 0 | _aspa | |
| 082 | 0 | 4 |
_a070.4 _bPeriodismo |
| 100 | 1 |
_aLópez Hidalgo, Antonio, _eautor |
|
| 245 | 1 | 0 |
_aEl titular : _bmanual de titulación periodistica |
| 250 | _a1a ed | ||
| 264 | 3 | 1 |
_aMéxico : _bAlfaomega Grupo Editor S.A, _c2009 |
| 300 | _a199 páginas | ||
| 336 |
_atexto _btxt _2rdacontent |
||
| 337 |
_ano mediado _bn _2rdamedia |
||
| 338 |
_avolumen _bnc _2rdacarrier |
||
| 504 | _aIncluye referencias bibliográficas | ||
| 520 | 3 | _aPresenta un estudio sobre uso de los titulares en cada uno de los géneros periodísticos contemporáneos, la adaptación del titular a diferentes formatos prensa, radio, televisión y los nuevos soportes digitales. | |
| 650 | 1 | 4 | _aPERIODISMO IMPRESO |
| 650 | 2 | 4 | _aMANUAL PERIODISTICO |
| 650 | 2 | 4 | _aUSO DE TITULARES |
| 653 | 0 | _aPeriodismo | |
| 942 |
_2ddc _c1 _n0 |
||
| 999 |
_c4906 _d4906 |
||